000 00576nam a2200181 a 4500
005 20140412111342.0
008 040114s19uu xx 00 eng d
020 _a0-439-31859-9
050 _aM 553.7
_bS496 2000
100 _aSeuling, Barbara
245 _aDrip! Drop! :
_bhow water gets to your tap /
_cby Barbara Seuling ; illustrated by Nancy Tobin.
260 _aNew York :
_bScholastic Inc,
_c2000.
300 _a[30] p. ; ill.
650 _aWater cycles--Juvenile literature
650 _aWater--Study and teaching
650 _aChildren stories
999 _c105142
_d105142